100 cosas que debes saber sobre caballeros y castillos / (Record no. 139873)

MARC details
000 -CABECERA
campo de control de longitud fija 00824nam a2200229 a 4500
005 - FECHA Y HORA DE LA ÚLTIMA TRANSACCIÓN
campo de control 20210223130856.0
008 - ELEMENTOS DE LONGITUD FIJA--INFORMACIÓN GENERAL
campo de control de longitud fija 081110s2007 mx r 000 0 spa d
020 ## - NÚMERO INTERNACIONAL NORMALIZADO PARA LIBROS
Número Internacional Estándar del Libro 9707840595
035 ## - NÚMERO DE CONTROL DEL SISTEMA
Número de control de sistema UPN01000167762
049 ## - COLECCIÓN
Colección I
050 #4 - SIGNATURA TOPOGRÁFICA DE LA BIBLIOTECA DEL CONGRESO
Número de clasificación CR4509
Número de documento/Ítem W3.3
100 1# - ASIENTO PRINCIPAL--NOMBRE PERSONAL
Nombre de persona Walker, Jane
245 10 - MENCIÓN DE TÍTULO
Título 100 cosas que debes saber sobre caballeros y castillos /
Mención de responsabilidad, etc. Jane Walker ; tr. Héctor Escalona.
260 ## - PUBLICACIÓN, DISTRIBUCIÓN, ETC.
Lugar de publicación, distribución, etc. México :
Nombre del editor, distribuidor, etc. Signo,
Fecha de publicación, distribución, etc. c2007.
300 ## - DESCRIPCIÓN FÍSICA
Extensión 48 p. :
Otras características físicas il. col.
440 #0 - MENCIÓN DE SERIE/ASIENTO SECUNDARIO--TÍTULO
Título 100 cosas que debes saber sobre ....
Nombre de parte o sección de la obra Club de lectores
534 ## - NOTA SOBRE LA VERSIÓN ORIGINAL
Frase introductoria Título original:
Mención de título del original 100 Things you should know about knights & castles
650 #4 - ASIENTO SECUNDARIO DE MATERIA - TERMINO TEMATICO
Término de materia o nombre geográfico como elemento de entrada CABALLEROS Y CABALLERIA -
Subdivisión de forma LITERATURA INFANTIL
9 (RLIN) 11231
650 #4 - ASIENTO SECUNDARIO DE MATERIA - TERMINO TEMATICO
Término de materia o nombre geográfico como elemento de entrada EDAD MEDIA -
Subdivisión de forma LITERATURA INFANTIL
9 (RLIN) 11232
650 #4 - ASIENTO SECUNDARIO DE MATERIA - TERMINO TEMATICO
Término de materia o nombre geográfico como elemento de entrada CASTILLOS -
Subdivisión de forma LITERATURA INFANTIL
9 (RLIN) 11230
905 ## - TIPO DE MATERIAL
Tipo de material Infantil
Holdings
Estado de retiro Estado de pérdida Fuente del sistema de clasificación o colocación Estado dañado No para préstamo Código de colección Localización permanente Ubicación/localización actual Ubicación en estantería Fecha de adquisición Total de préstamos Clasificación Código de barras Fecha visto por última vez Número de copia Tipo de ítem Koha
    Library of Congress Classification     Infantil Bib. Gregorio Torres Quintero Bib. Gregorio Torres Quintero Sala infantil Planta baja 10/05/2023 3 CR4509 W3.3 261514 31/12/2020 1 Libro